000
00285nam a2200097 a 4500
005
20200930031232.0
008
110406s2004 000 spa d
245
0
_a
Directorio oficial distrito rotario 4060 República Dominicana.
260
_a
[Santo Domingo],
_c
[19--?].
999
_c
27452
_d
27452
040
_a
DO-SdBNP